PAROLES - DALI - HOLLYWOOD - Statistiques

Statistiques générales
  • Ce quiz a été pris 99 fois
  • Le résultat moyen est 281 sur 362
Statistiques - réponses
Réponse % Correct
a
100%
à
100%
de
100%
dans
95%
film
95%
amoureux
93%
mon
93%
des
91%
qui
91%
actrice
89%
ce
89%
elle
89%
je
89%
"je
89%
un
89%
y
89%
et
88%
le
88%
me
88%
mer
88%
merde
88%
pas
88%
qu'il
88%
est
86%
filles
86%
font
86%
garçons
86%
genre
86%
ma
86%
belle
84%
douloureux
84%
joue
84%
moi
84%
84%
la
82%
mais
82%
que
82%
savent
82%
trop
82%
devant
81%
joueurs
81%
qu'ils
81%
se
81%
guitares
79%
on
79%
réal
79%
besoin
77%
mienne
77%
moins
77%
pleure
77%
tout
77%
beaucoup
75%
plan
75%
voit
75%
d'un
74%
l'actrice
74%
large
74%
qu'à
74%
en
72%
reflète
72%
son
72%
avec
70%
paumés
70%
séquence
70%
bord
68%
creux
68%
juste
68%
l'oreille
68%
love
68%
pour
68%
t'aime"
68%
caractère
67%
dira
67%
monde
67%
fois
65%
j'ai
65%
peu
65%
cinéma
63%
perso
63%
respire
63%
une
63%
caméra
61%
crois
61%
donnera
61%
l'axe
61%
n'a
61%
rien
61%
assos
60%
fera
60%
plaît
60%
quand
60%
riche
60%
sera
60%
star
60%
chance
58%
souvenir
58%
toi
58%
importe
56%
l'emmène
56%
même
56%
nuit
56%
plaire
56%
studio
56%
après
54%
l'oeil
54%
nirvana
54%
ouais
54%
rôle
54%
Scarlett
54%
soleil
54%
balader
53%
c'est
53%
côté
53%
critique
53%
fermé
53%
parfaite
53%
personne
53%
roll
53%
thalasso
53%
envoie
51%
lui
51%
principal
51%
quinton
51%
banale
49%
braquage
49%
devenu
49%
rock'n
49%
bien
47%
devient
47%
indé
47%
j'aime
47%
d'amour
46%
d'elle
46%
figurante
46%
mauvais
46%
plutôt
46%
produire
46%
studieuse
46%
timide
46%
vais
46%
cause
44%
était
44%
folie
44%
groove
44%
meilleure
44%
photos
44%
public
44%
ceux
42%
les
42%
prend
42%
privé
42%
sur
42%
l'font
40%
n'aille
40%
plateau
40%
savoureux
40%
avant
39%
filer
39%
l'écran
39%
d'tout
37%
premières
35%
Aucun quiz correspondant
Distribution des résultats
% des personnes avec chaque résultat
Percentile par nombre de réponses
Votre historique - résultats
Vous n’avez pas pris ce quiz